Najbardziej znane dinozaury - Statystyki

Ogólne statystyki
  • Ten quiz został rozwiązany 34 razy
    30 od ostatniego zresetowania
  • Średni wynik to 4 z 5
Statystyki odpowiedzi
Podrząd Dinozaur % Poprawnych
Teropody Tyranozaur
100%
Marginocefale Triceratops
75%
Zauropody Diplodok
67%
Zauropody Brachiozaur
63%
Teropody Welociraptor
50%
Nie znaleziono quizów pasujących do podanych kryteriów
Rozkład punktacji
Procent ludzi z każdym wynikiem
Percentyl według liczby udzielonych odpowiedzi
Twoja historia wyników
Nie rozwiązałeś tego quizu od ostatniego zresetowania